000 00253nam a22001217a 4500
008 171124b xxu||||| |||| 00| 0 eng d
041 _aeng
080 _a37
100 _a47
101 _aEDU
245 _aSOCIAL ISSUESS
_cSABRINA.Z
942 _2udc
_cBK
999 _c38522
_d38522